ბათუმის შოთა რუსთაველის სახელმწიფო უნივერსიტეტის ბიბლიოთეკა

სავარჯიშო მასალა ძველ ქართულ ენასა და პალეოგრაფიაში : (ბიბ.ჩანაწერი № 36530)

000 -ლიდერი
ფიქსირებული სიგრძის საკონტროლო ველი 01769nam a2200277Ia 4500
001 - საკონტროლო ნომერი
საკონტროლო ველი 2448
003 - საკონტროლო ნომრის იდენტიფიკატორი
საკონტროლო ველი GE_BSU
005 - ბოლო ოპერაციის თარიღი და დრო
საკონტროლო ველი 20250331141210.0
008 - ფიქსირებული სიგრძის მონაცემთა ელემენტები - ზოგადი ინფორმაცია
ფიქსირებული სიგრძის საკონტროლო ველი 181216s1985||||ge |||||||||||||| ||geo||
040 ## - კატალოგიზაციის წყარო
Transcribing agency GE_BSU
041 ## - ენის კოდი
Language code of text/sound track or separate title geo
080 ## - უნივერსალური ათობითი კლასიფიკაციის ინდექსი
Universal Decimal Classification number 811.353.1 ს–298
100 ## - მთავარი ჩანაწერი - პიროვნების სახელი
Personal name სარჯველაძე, ზურაბ
9 (RLIN) 24721
245 ## - ცნობა სათაურის შესახებ
Title სავარჯიშო მასალა ძველ ქართულ ენასა და პალეოგრაფიაში :
Remainder of title I ასომთავრული /
Statement of responsibility, etc ზურაბ სარჯველაძე; რედ. ა ღლონტი; საქ. სსრ უმაღლ. და საშ. სპეც. განათლ. სამინისტროს უმაღლ. განათლ. სამეცნ. მეთოდ. კაბ-ტი.
264 ## - წარმოების, გამოცემის, დისტრიბუციის და სხვა ცნობები
გამოცემის, წარმოების, დისტრიბუციის... ადგილი თბ. :
გამოცემის, წარმოების, დისტრიბუციის... სახელწოდება თბილ. უნ-ტის გამ-ბა,
გამოცემის, წარმოების, დისტრიბუციის... თარიღი 1985.
300 ## - ფიზიკური აღწერა
Extent 140 გვ.;
Other physical details 21სმ.
653 ## - INDEX TERM--UNCONTROLLED
Uncontrolled term იოანე ზოსიმე
653 ## - INDEX TERM--UNCONTROLLED
Uncontrolled term ძველი ქართული ენა
653 ## - INDEX TERM--UNCONTROLLED
Uncontrolled term საქართველოს პალეოგრაფია
653 ## - INDEX TERM--UNCONTROLLED
Uncontrolled term ქართული ასომთავრული დამწერლობა
700 ## - ADDED ENTRY--PERSONAL NAME
Personal name ღლონტი, ა.
Relator term რედაქტორი
9 (RLIN) 16233
710 ## - ADDED ENTRY--CORPORATE NAME
Corporate name or jurisdiction name as entry element საქ. სსრ უმაღლ. და საშ. სპეც. განათლ. სამინისტროს უმაღლ. განათლ. სამეცნ. მეთოდ. კაბ-ტი.
9 (RLIN) 24722
856 ## - ELECTRONIC LOCATION AND ACCESS
Uniform Resource Identifier https://dspace.nplg.gov.ge/bitstream/1234/532655/1/SavarjishoMasalaDzvelQartulEnasaDaPaleografiashi_1985.pdf
Link text ელ. ვერსია
942 ## - ADDED ENTRY ELEMENTS (KOHA)
Koha item type წიგნი
Source of classification or shelving scheme
ეგზემპლარები
ჩამოწერის სტატუსი დაკარგული ეგზემპლარის სტატუსი კლასიფიკაციის წყარო ან თაროზე გაწყობის სქემა დაზიანების სტატუსი არ გაიცემა მუდმივი მდებარეობა (დაცვის ადგილი) ამჟამინდელი ადგილსამყოფელი თაროზე განთავსების ადგილი შეძენის თარიღი ღირებულება, შესყიდვის ნორმალური ფასი სრული შენახვის შიფრი შტრიხკოდი ბოლო ოპერაციის თარიღი ეგზემპლარის მიმდევრობითი ნომერი (კეტერი?) ფასის ძალაში შესვლის თარიღი ეგზემპლარის სახეობა საჯარო შენიშვნა
          ბათუმის შოთა რუსთაველის სახელმწიფო უნივერსიტეტის მთავარი ბიბლიოთეკა ბათუმის შოთა რუსთაველის სახელმწიფო უნივერსიტეტის მთავარი ბიბლიოთეკა წიგნსაცავი 2018-12-17 5.00 811.353.1 ს–298 1357 2018-12-17 1357 2018-12-17 წიგნი 5 ლ.